[Event "4NCL 3 North pool B"]
[Site "Wakefield, ENG ENG"]
[Date "2016.02.14"]
[Round "6.96"]
[White "Mazek, Marek"]
[Black "Findlay, David John"]
[Result "1/2-1/2"]
[WhiteElo "2147"]
[BlackElo "2174"]
[PlyCount "66"]
[EventDate "2016.02.14"]
[WhiteTeam "Manchester Manticores 1"]
[BlackTeam "Manx Ravens"]

1. d4 d5 2. Nf3 c5 3. c4 e6 4. cxd5 exd5 5. dxc5 Bxc5 6. e3 Nf6 7. Be2 O-O 8.
O-O Nc6 9. Nbd2 a6 10. Nb3 Ba7 11. h3 Re8 12. Nbd4 Qd6 13. Nxc6 bxc6 14. b3 Ne4
15. Bb2 Qg6 16. Ne5 Qh6 17. Bg4 f5 18. Bh5 Re7 19. Rc1 Bb7 20. Bf3 Rae8 21.
Bxe4 fxe4 22. Ng4 Qd6 23. Bd4 c5 24. Bb2 Bc8 25. f4 exf3 26. Qxf3 Bxg4 27. Qxg4
Qe6 28. Qxe6+ Rxe6 29. Rcd1 Rxe3 30. Rxd5 c4 31. bxc4 Rxh3+ 32. Bd4 Bxd4+ 33.
Rxd4 Rhe3 1/2-1/2

[Event "4NCL 3 North pool B"]
[Site "Wakefield, ENG ENG"]
[Date "2016.02.14"]
[Round "6.97"]
[White "Flores, Marcial"]
[Black "Slinger, Tony J"]
[Result "1/2-1/2"]
[WhiteElo "2087"]
[BlackElo "1923"]
[PlyCount "60"]
[EventDate "2016.02.14"]
[WhiteTeam "Manx Ravens"]
[BlackTeam "Manchester Manticores 1"]

1. Nf3 d5 2. g3 Nf6 3. Bg2 g6 4. O-O Bg7 5. d3 O-O 6. c3 c6 7. Qc2 Nbd7 8. Nbd2
Qc7 9. b3 Re8 10. Bb2 e5 11. e4 b6 12. Rfe1 Bb7 13. Rad1 Rad8 14. d4 dxe4 15.
Nxe5 Nxe5 16. dxe5 Qxe5 17. c4 Qc7 18. Bxf6 Bxf6 19. Nxe4 Bg7 20. c5 Bc8 21.
Rxd8 Rxd8 22. cxb6 axb6 23. Rc1 c5 24. b4 Bd4 25. Kh1 Bf5 26. Qe2 Qe7 27. bxc5
bxc5 28. f3 Rb8 29. a4 Rb2 30. Qc4 Bxe4 1/2-1/2

[Event "4NCL 3 North pool B"]
[Site "Wakefield, ENG ENG"]
[Date "2016.02.14"]
[Round "6.98"]
[White "Oswald, David C"]
[Black "Duke, Michael"]
[Result "1-0"]
[WhiteElo "2094"]
[BlackElo "2140"]
[PlyCount "73"]
[EventDate "2016.02.14"]
[WhiteTeam "Manchester Manticores 1"]
[BlackTeam "Manx Ravens"]

1. e4 e5 2. f4 g5 3. fxg5 Qxg5 4. Nf3 Qg7 5. Nc3 Nc6 6. Nd5 Bd6 7. c3 Qg6 8. d3
b6 9. Be3 Bb7 10. Nh4 Qe6 11. Be2 O-O-O 12. Bg4 Qe8 13. Nf5 Be7 14. Qf3 h6 15.
h4 Bf8 16. Bh5 Rh7 17. O-O-O Nb8 18. Qg3 Rh8 19. Ng7 Bxg7 20. Qxg7 Bxd5 21.
Qxh8 Bxa2 22. Bxh6 Qe6 23. Bg5 f6 24. Be3 Bb3 25. Rdf1 Qd6 26. Be2 Qc6 27. Bd1
Be6 28. Qh5 Qb5 29. Qe2 Qa5 30. Qc2 Qa6 31. h5 d5 32. h6 dxe4 33. dxe4 Bc4 34.
Bg4+ Kb7 35. Rd1 Nxh6 36. Bxh6 Bd3 37. Rxd3 1-0

[Event "4NCL 3 North pool B"]
[Site "Wakefield, ENG ENG"]
[Date "2016.02.14"]
[Round "6.99"]
[White "Patrick, David"]
[Black "Whitehead, Mark A"]
[Result "1-0"]
[WhiteElo "1850"]
[BlackElo "1975"]
[PlyCount "71"]
[EventDate "2016.02.14"]
[WhiteTeam "Manx Ravens"]
[BlackTeam "Manchester Manticores 1"]

1. e4 c5 2. c3 d5 3. exd5 Qxd5 4. d4 Nf6 5. Nf3 Bg4 6. Be2 e6 7. O-O Be7 8. Na3
cxd4 9. Nb5 Na6 10. Nbxd4 O-O 11. h3 Bh5 12. Be3 Nc5 13. Nd2 Bxe2 14. Qxe2 b6
15. Rfd1 Rfd8 16. c4 Qb7 17. Qf3 Nfe4 18. Nxe4 Nxe4 19. Nb5 Bf6 20. Bd4 a6 21.
Bxf6 Rxd1+ 22. Rxd1 axb5 23. Bc3 bxc4 24. Rd4 f5 25. Rxc4 Rxa2 26. Be5 Ra7 27.
Rc7 Qa8 28. Qb3 Nc5 29. Qxb6 Rxc7 30. Qxc7 Qf8 31. Bd6 Na6 32. Qd7 Qa8 33.
Qxe6+ Kh8 34. Qxf5 Kg8 35. Qe6+ Kh8 36. Qe7 1-0

[Event "4NCL 3 North pool B"]
[Site "Wakefield, ENG ENG"]
[Date "2016.02.14"]
[Round "6.100"]
[White "Hamer, Martyn"]
[Black "Bamber, Elaine"]
[Result "0-1"]
[WhiteElo "2087"]
[BlackElo "2070"]
[PlyCount "74"]
[EventDate "2016.02.14"]
[WhiteTeam "Manchester Manticores 1"]
[BlackTeam "Manx Ravens"]

1. e4 e5 2. Nc3 Nc6 3. Bc4 Nf6 4. d3 Bc5 5. f4 d6 6. Nf3 exf4 7. Bxf4 Na5 8.
Bb3 Nxb3 9. axb3 a6 10. Bg5 h6 11. Bh4 Be6 12. d4 Bb4 13. O-O Bxc3 14. bxc3 Qd7
15. Bxf6 gxf6 16. Nh4 O-O-O 17. d5 Bg4 18. Qd4 Rde8 19. Rxf6 Qe7 20. Rff1 Kb8
21. Nf5 Bxf5 22. Rxf5 Rhg8 23. Qf2 Rg7 24. Qf4 Reg8 25. g3 Rh8 26. Rf1 Rhh7 27.
e5 h5 28. exd6 cxd6 29. Rf6 Kc7 30. c4 Kd7 31. b4 h4 32. g4 h3 33. c5 dxc5 34.
d6 Qe2 35. Qf5+ Kd8 36. Qf3 Rxg4+ 37. Kh1 Qg2+ 0-1

[Event "4NCL 3 North pool B"]
[Site "Wakefield, ENG ENG"]
[Date "2016.02.14"]
[Round "6.105"]
[White "Sreeves, Clement"]
[Black "McCarthy, Damian"]
[Result "1-0"]
[WhiteElo "2354"]
[BlackElo "1870"]
[PlyCount "77"]
[EventDate "2016.02.14"]
[WhiteTeam "Alba"]
[BlackTeam "Bradford DCA Knights B"]

1. e4 c5 2. Nf3 Nc6 3. d4 cxd4 4. Nxd4 g6 5. Nc3 Bg7 6. Be3 Nf6 7. Bc4 O-O 8.
Bb3 a5 9. O-O a4 10. Nxa4 Nxe4 11. Nb5 Ra6 12. Qe2 Nf6 13. Rad1 d6 14. h3 Bd7
15. c4 Na5 16. Bc2 Re8 17. Rfe1 Nc6 18. Nac3 Qc8 19. Bf4 b6 20. Qe3 Qb7 21. a3
Nd8 22. Bg5 Ne6 23. Bh4 Nc7 24. Bxf6 Bxf6 25. Be4 Qc8 26. Nxc7 Qxc7 27. Nd5 Qc5
28. Nxf6+ exf6 29. Qc3 f5 30. Bd5 Be6 31. Qf6 Qc8 32. Bxe6 Rxe6 33. Rxe6 Qxe6
34. Qxe6 fxe6 35. Rxd6 Ra4 36. Rxe6 Rxc4 37. Rxb6 Rc8 38. Kh2 f4 39. g3 1-0

[Event "4NCL 3 North pool B"]
[Site "Wakefield, ENG ENG"]
[Date "2016.02.14"]
[Round "6.107"]
[White "Gardiner, Eric D"]
[Black "Burnett, Andrew"]
[Result "0-1"]
[WhiteElo "1932"]
[BlackElo "2165"]
[PlyCount "79"]
[EventDate "2016.02.14"]
[WhiteTeam "Alba"]
[BlackTeam "Bradford DCA Knights B"]

1. d4 c5 2. d5 e5 3. e4 d6 4. Nc3 a6 5. a4 Nd7 6. Be2 g6 7. Nf3 Bg7 8. O-O Ne7
9. Nd2 O-O 10. Nc4 Nb6 11. Na3 Bd7 12. a5 Nbc8 13. Nc4 f5 14. Ra3 Bb5 15. Bg5
Bxc4 16. Bxc4 h6 17. Bxe7 Nxe7 18. Qe2 Rb8 19. Rfa1 f4 20. f3 g5 21. Nd1 h5 22.
Nf2 Rf6 23. Rb3 Bf8 24. Raa3 Kh8 25. Rb6 Nc8 26. Rbb3 Qc7 27. Kf1 Be7 28. Qd2
Rg6 29. h3 Bd8 30. Ke2 b5 31. axb6 Nxb6 32. Bxa6 g4 33. fxg4 Bh4 34. Kd1 c4 35.
Rf3 Nd7 36. b4 cxb3 37. Raxb3 Nc5 38. Rxb8+ Qxb8 39. Bd3 Qb6 40. Kc1 {time} 0-1

[Event "4NCL 3 North pool B"]
[Site "Wakefield, ENG ENG"]
[Date "2016.02.14"]
[Round "6.109"]
[White "Brechin, Hugh R"]
[Black "Johnson, Paul A"]
[Result "1/2-1/2"]
[WhiteElo "2081"]
[BlackElo "1874"]
[PlyCount "77"]
[EventDate "2016.02.14"]
[WhiteTeam "Alba"]
[BlackTeam "Bradford DCA Knights B"]

1. d4 d5 2. Bf4 Nf6 3. e3 Bf5 4. c4 e6 5. Nc3 c6 6. Qb3 Qb6 7. c5 Qxb3 8. axb3
Nbd7 9. b4 Be7 10. h3 O-O 11. Nf3 h6 12. b5 cxb5 13. Bxb5 a6 14. Be2 Rfc8 15.
O-O Nb8 16. b4 Nc6 17. b5 axb5 18. Nxb5 Ne8 19. g4 Bh7 20. Rfc1 g5 21. Bh2 Kf8
22. Ne5 Nxe5 23. Bxe5 f6 24. Bg3 Bg6 25. Nc3 Bd8 26. Na4 Ke7 27. Nc3 Bc7 28.
Bxc7 Nxc7 29. Na4 Rcb8 30. Nb6 Rxa1 31. Rxa1 Be8 32. Bd3 Bc6 33. f4 Nb5 34.
Bxb5 Bxb5 35. Rb1 Bc6 36. Kf2 Re8 37. Rd1 f5 38. gxf5 exf5 39. Kf3 1/2-1/2

[Event "4NCL 3 North pool B"]
[Site "Wakefield, ENG ENG"]
[Date "2016.02.14"]
[Round "6.115"]
[White "Procter, Colin S"]
[Black "Latham, David"]
[Result "0-1"]
[WhiteElo "1870"]
[BlackElo "2127"]
[PlyCount "94"]
[EventDate "2016.02.14"]
[WhiteTeam "Bradford DCA Knights C"]
[BlackTeam "Spirit of Atticus B"]

1. d4 Nf6 2. c4 g6 3. Nf3 Bg7 4. Nc3 d5 5. cxd5 Nxd5 6. e4 Nxc3 7. bxc3 c5 8.
Bb5+ Bd7 9. Bxd7+ Nxd7 10. O-O O-O 11. Qb3 Qc7 12. Bg5 Rac8 13. h3 b6 14. Rad1
e5 15. d5 c4 16. Qa3 f6 17. Be3 Rfd8 18. Qc1 Nc5 19. Bxc5 Qxc5 20. Qc2 b5 21.
a4 a6 22. Rb1 Rd6 23. axb5 axb5 24. Ra1 Bf8 25. Ra5 Rd7 26. Rfa1 Bd6 27. Ra6
Rb7 28. Ra8 Rxa8 29. Rxa8+ Bb8 30. Qa2 Kg7 31. Qd2 b4 32. Ra6 b3 33. Qb2 Ba7
34. Rc6 Qxf2+ 35. Qxf2 b2 36. Nd2 b1=Q+ 37. Nxb1 Rxb1+ 38. Kh2 Bxf2 39. Rxc4 f5
40. Rc7+ Kf6 41. exf5 gxf5 42. Rxh7 f4 43. h4 e4 44. d6 Rd1 45. d7 e3 46. g4
fxg3+ 47. Kg2 e2 0-1

[Event "4NCL 3 North pool B"]
[Site "Wakefield, ENG ENG"]
[Date "2016.02.14"]
[Round "6.116"]
[White "Johnson, Michael D"]
[Black "Bramson, Mike"]
[Result "1/2-1/2"]
[WhiteElo "2027"]
[BlackElo "1845"]
[PlyCount "56"]
[EventDate "2016.02.14"]
[WhiteTeam "Spirit of Atticus B"]
[BlackTeam "Bradford DCA Knights C"]

1. Nf3 d5 2. g3 c6 3. Bg2 Bg4 4. O-O Nd7 5. d4 f6 6. c4 e6 7. cxd5 cxd5 8. Nc3
Bd6 9. e4 Nb6 10. exd5 exd5 11. a4 Ne7 12. Nb5 O-O 13. Nxd6 Qxd6 14. b3 Rae8
15. Ba3 Qd7 16. Re1 Nbc8 17. Qd2 Rf7 18. Rac1 Nd6 19. Bxd6 Qxd6 20. Rc3 Rc8 21.
Rxc8+ Nxc8 22. Re8+ Rf8 23. Rxf8+ Kxf8 24. Ne1 Qd7 25. Qf4 Bd1 26. Nd3 b6 27.
Nc1 Ne7 28. Qd2 Bg4 1/2-1/2

[Event "4NCL 3 North pool B"]
[Site "Wakefield, ENG ENG"]
[Date "2016.02.14"]
[Round "6.117"]
[White "Winter, Kevin"]
[Black "Ackley, Peter J E"]
[Result "1/2-1/2"]
[WhiteElo "1816"]
[BlackElo "2087"]
[PlyCount "30"]
[EventDate "2016.02.14"]
[WhiteTeam "Bradford DCA Knights C"]
[BlackTeam "Spirit of Atticus B"]

1. e4 g6 2. d4 Bg7 3. Nc3 d6 4. f4 a6 5. Nf3 b5 6. Bd3 Nd7 7. O-O c5 8. Be3
cxd4 9. Nxd4 Bb7 10. a4 bxa4 11. Nxa4 Ngf6 12. Nc3 O-O 13. Qe2 Nc5 14. Bf2 Qc7
15. Nf3 Qc6 1/2-1/2

[Event "4NCL 3 North pool B"]
[Site "Wakefield, ENG ENG"]
[Date "2016.02.14"]
[Round "6.118"]
[White "Powell, Lloyd"]
[Black "Dean, Robert A"]
[Result "1/2-1/2"]
[WhiteElo "2074"]
[BlackElo "1774"]
[PlyCount "87"]
[EventDate "2016.02.14"]
[WhiteTeam "Spirit of Atticus B"]
[BlackTeam "Bradford DCA Knights C"]

1. d4 d5 2. Nf3 Nf6 3. c4 c6 4. g3 g6 5. Bg2 Bg7 6. O-O O-O 7. cxd5 cxd5 8. Nc3
Nc6 9. Ne5 e6 10. Nxc6 bxc6 11. Qc2 Ba6 12. Rd1 Nd7 13. e4 Rc8 14. Be3 Nb6 15.
b3 Re8 16. Rac1 Qe7 17. Qd2 Qb4 18. Ne2 Qxd2 19. Rxd2 dxe4 20. Bxe4 Nd5 21. Rc5
Bf8 22. Ra5 Bxe2 23. Bxd5 Bb4 24. Rxe2 Bxa5 25. Bf3 Bb6 26. Rc2 Red8 27. Rc4
Rd6 28. a4 Rcd8 29. Bg5 Rc8 30. Bf6 a5 31. Be5 Rdd8 32. Bxc6 f5 33. Bd7 Rxc4
34. Bxe6+ Kf8 35. Bxc4 Bxd4 36. Bc7 Ra8 37. Kg2 Bc3 38. Kf3 Re8 39. h4 Kg7 40.
Bf4 Re1 41. Be3 Rb1 42. Bb6 h6 43. Kf4 Re1 44. Kf3 1/2-1/2

[Event "4NCL 3 North pool B"]
[Site "Wakefield, ENG ENG"]
[Date "2016.02.14"]
[Round "6.120"]
[White "Natt, Anthony L"]
[Black "Grobler, David"]
[Result "1-0"]
[WhiteElo "1967"]
[BlackElo "1667"]
[PlyCount "57"]
[EventDate "2016.02.14"]
[WhiteTeam "Spirit of Atticus B"]
[BlackTeam "Bradford DCA Knights C"]

1. e4 c5 2. Nc3 e6 3. f4 Nc6 4. Nf3 Nge7 5. Bb5 Nd4 6. d3 a6 7. Ba4 b5 8. Bb3
Nec6 9. O-O Be7 10. Ne5 Nxe5 11. fxe5 O-O 12. Qg4 Kh8 13. Ne2 Nxe2+ 14. Qxe2
Bg5 15. Qh5 Bxc1 16. Raxc1 Kg8 17. Rf3 h6 18. Rcf1 Qg5 19. Qxg5 hxg5 20. Rg3
Bb7 21. Rxg5 c4 22. dxc4 Bxe4 23. cxb5 axb5 24. Rf4 Bc6 25. Rfg4 g6 26. h4 Kh7
27. c3 f5 28. exf6 Rxf6 29. Bc2 1-0

[Event "4NCL 3 North pool B"]
[Site "Wakefield, ENG ENG"]
[Date "2016.02.14"]
[Round "6.125"]
[White "Newton, Robert A"]
[Black "Armstrong, William G"]
[Result "1-0"]
[WhiteElo "2035"]
[BlackElo "1870"]
[PlyCount "99"]
[EventDate "2016.02.14"]
[WhiteTeam "Manchester Manticores 2"]
[BlackTeam "Cheddleton 3"]

1. d4 Nf6 2. Bf4 d6 3. e3 g6 4. Be2 Bg7 5. Nd2 Nbd7 6. h3 b6 7. Bf3 Rb8 8. c3
Bb7 9. Qc2 c5 10. Ne2 Bxf3 11. Nxf3 Rc8 12. O-O O-O 13. Rfd1 d5 14. Ne5 c4 15.
a4 Nh5 16. Bh2 e6 17. g4 Bxe5 18. dxe5 Ng7 19. Bg3 Nc5 20. f3 f5 21. Nd4 fxg4
22. hxg4 Nd3 23. f4 Qe8 24. Qh2 a6 25. Qh6 g5 26. Qxg5 Qg6 27. Qxg6 hxg6 28.
Rd2 Kf7 29. Rf1 Rh8 30. f5 gxf5 31. gxf5 Rcg8 32. fxe6+ Ke8 33. Rg2 Nh5 34. Nf5
Nxg3 35. Rxg3 Rxg3+ 36. Nxg3 Nxb2 37. a5 b5 38. Rf7 Rg8 39. Kg2 Rg6 40. Ra7 Nd3
41. Rxa6 Nxe5 42. Rb6 Ke7 43. a6 Rg8 44. a7 Ra8 45. Nf5+ Kf6 46. e7+ Kxf5 47.
Rb8 Rxa7 48. Rf8+ Kg4 49. Rf4+ Kg5 50. e8=Q 1-0

[Event "4NCL 3 North pool B"]
[Site "Wakefield, ENG ENG"]
[Date "2016.02.14"]
[Round "6.126"]
[White "Harris, Martyn J"]
[Black "Jayawarna, Nugith"]
[Result "1/2-1/2"]
[WhiteElo "1855"]
[BlackElo "2050"]
[PlyCount "75"]
[EventDate "2016.02.14"]
[WhiteTeam "Cheddleton 3"]
[BlackTeam "Manchester Manticores 2"]

1. Nf3 c5 2. c4 g6 3. d4 cxd4 4. Qxd4 Nf6 5. Nc3 Nc6 6. Qd1 Bg7 7. e4 d6 8. Be2
O-O 9. O-O a6 10. a3 b6 11. Qc2 Bb7 12. Rd1 Nd7 13. Be3 Rc8 14. Rac1 Na5 15.
Nd2 Ne5 16. b3 b5 17. f4 Nd7 18. Qb1 bxc4 19. b4 Nb3 20. Nxb3 cxb3 21. Qxb3
Bxc3 22. Rxc3 Rxc3 23. Qxc3 Bxe4 24. Bxa6 Qa8 25. b5 Bxg2 26. Rd2 Bh1 27. Bd4
Qe4 28. Rf2 e5 29. Be3 exf4 30. Bxf4 Ne5 31. Bh6 Re8 32. b6 f6 33. Qc7 Nf7 34.
b7 Qg4+ 35. Kxh1 Re1+ 36. Bf1 Qe4+ 37. Kg1 Qg4+ 38. Kh1 1/2-1/2

[Event "4NCL 3 North pool B"]
[Site "Wakefield, ENG ENG"]
[Date "2016.02.14"]
[Round "6.127"]
[White "Reed, John"]
[Black "Edwards, Roger J"]
[Result "1-0"]
[WhiteElo "2035"]
[BlackElo "1757"]
[PlyCount "131"]
[EventDate "2016.02.14"]
[WhiteTeam "Manchester Manticores 2"]
[BlackTeam "Cheddleton 3"]

1. d4 d5 2. c4 c6 3. Nc3 Nf6 4. Bg5 Bf5 5. e3 e6 6. Bd3 Bxd3 7. Qxd3 Nbd7 8.
Nf3 Be7 9. O-O O-O 10. a3 dxc4 11. Qxc4 Nd5 12. Bxe7 Qxe7 13. Rfd1 Rfe8 14. e4
Nxc3 15. bxc3 Rad8 16. Qb3 Nf6 17. Re1 Rd7 18. Ne5 Rc7 19. Rad1 Rd8 20. a4 Nd7
21. Nc4 Nf6 22. a5 g6 23. Qb2 Ne8 24. Qc1 Nd6 25. Ne5 f6 26. Nd3 Nc4 27. Qa1 b6
28. axb6 axb6 29. Qa2 b5 30. e5 f5 31. Ra1 Rdd7 32. Nc5 Ra7 33. Qe2 Rdc7 34.
Qf3 Nd2 35. Qf4 Nc4 36. h4 Nb6 37. g3 Na4 38. Nxa4 bxa4 39. Re2 Rcb7 40. Qf3
Rb6 41. Rea2 a3 42. c4 Rba6 43. Qc3 Ra4 44. Rb1 Ra8 45. Rb3 Qa7 46. Rb4 Qa5 47.
Rb3 Qa6 48. c5 Qa7 49. Rb6 Ra6 50. Qb3 Re8 51. Rxa6 Qxa6 52. Rxa3 Qe2 53. Qe3
Qd1+ 54. Kg2 Qb1 55. Qf3 Qb5 56. Rb3 Qa4 57. Rb6 Rc8 58. Qb3 Qxb3 59. Rxb3 Rc7
60. Rb8+ Kf7 61. Rh8 Kg7 62. Rb8 Kf7 63. Kf3 h6 64. Ke3 Ke7 65. Rh8 h5 66. Rh7+
1-0

[Event "4NCL 3 North pool B"]
[Site "Wakefield, ENG ENG"]
[Date "2016.02.14"]
[Round "6.128"]
[White "Emmerton, Stephen J"]
[Black "Lyth, John D"]
[Result "0-1"]
[WhiteElo "1835"]
[BlackElo "1982"]
[PlyCount "82"]
[EventDate "2016.02.14"]
[WhiteTeam "Cheddleton 3"]
[BlackTeam "Manchester Manticores 2"]

1. Nf3 d5 2. g3 Nc6 3. Bg2 e5 4. d3 g6 5. O-O Bg7 6. Nbd2 Nge7 7. e4 O-O 8. Ne1
Be6 9. f4 d4 10. Ndf3 exf4 11. Bxf4 h6 12. Bd2 Qd7 13. Qc1 Kh7 14. c3 Rad8 15.
cxd4 Nxd4 16. Nxd4 Qxd4+ 17. Be3 Qd7 18. Qc2 Nc6 19. Rc1 Nd4 20. Bxd4 Qxd4+ 21.
Qf2 Qa4 22. Qd2 c6 23. b3 Qb5 24. h3 a5 25. Qc2 Rd7 26. Rd1 Rfd8 27. Kh1 Qh5
28. h4 Be5 29. Bf3 Bg4 30. Qe2 Bxf3+ 31. Qxf3 Qxf3+ 32. Rxf3 Kg7 33. Ng2 Rd4
34. Ne3 Kg8 35. Ng4 Bg7 36. Kg2 Rxe4 37. dxe4 Rxd1 38. Rf2 Rd4 39. Re2 a4 40.
bxa4 Rxa4 41. e5 Rxg4 0-1

[Event "4NCL 3 North pool B"]
[Site "Wakefield, ENG ENG"]
[Date "2016.02.14"]
[Round "6.129"]
[White "Jaques, Andrew"]
[Black "Grzybowski, Karol"]
[Result "1-0"]
[WhiteElo "1975"]
[BlackElo "1742"]
[PlyCount "71"]
[EventDate "2016.02.14"]
[WhiteTeam "Manchester Manticores 2"]
[BlackTeam "Cheddleton 3"]

1. e4 c5 2. Nc3 e6 3. f4 a6 4. g3 Nc6 5. Bg2 g6 6. d3 Bg7 7. Bd2 Nge7 8. Nf3 b6
9. O-O Bb7 10. Rb1 d6 11. a3 O-O 12. Qe1 Qc7 13. Ne2 Rac8 14. c3 a5 15. g4 f5
16. Qh4 h6 17. Ng3 Nd8 18. gxf5 exf5 19. Bh3 Rb8 20. Kf2 c4 21. exf5 gxf5 22.
d4 Bd5 23. Nh5 Ne6 24. Nxg7 Kxg7 25. Rg1+ Ng6 26. Qh5 Rf6 27. Bxf5 Qf7 28.
Rxg6+ Rxg6 29. Bxg6 Qf6 30. Qxd5 Kxg6 31. Rg1+ Kh7 32. Qxd6 Rd8 33. Qe5 Qf7 34.
f5 Ng7 35. Bxh6 Kxh6 36. Qf4+ 1-0

[Event "4NCL 3 North pool B"]
[Site "Wakefield, ENG ENG"]
[Date "2016.02.14"]
[Round "6.130"]
[White "Boswell, Michael A"]
[Black "Potter, Steven"]
[Result "0-1"]
[WhiteElo "947"]
[BlackElo "1915"]
[PlyCount "78"]
[EventDate "2016.02.14"]
[WhiteTeam "Cheddleton 3"]
[BlackTeam "Manchester Manticores 2"]

1. e3 b6 2. Nf3 e6 3. Be2 Bb7 4. d4 f5 5. Nbd2 Nf6 6. O-O Bd6 7. Re1 O-O 8. c4
Nc6 9. b3 Qe8 10. Nf1 Ne4 11. Bd2 Nxd2 12. N3xd2 Qg6 13. Bf3 Rab8 14. a3 Kh8
15. g3 e5 16. d5 Ne7 17. a4 a5 18. Nb1 Qf6 19. Na3 e4 20. Bg2 Bb4 21. Re2 c6
22. Qd4 Qxd4 23. exd4 cxd5 24. cxd5 Nxd5 25. Nb5 Ba6 26. Ne3 Nc3 27. Rc2 Nxb5
28. axb5 Bxb5 29. Rc7 Bd6 30. Rc2 g6 31. Nd5 Bc6 32. Nc3 Rbc8 33. Rac1 Ba3 34.
Ra1 Bb4 35. Bf1 Bb7 36. Rac1 Rxc3 37. Rxc3 Bxc3 38. Rxc3 Rc8 39. Bc4 b5 0-1

[Event "4NCL 3 North pool B"]
[Site "Wakefield, ENG"]
[Date "2016.03.19"]
[Round "7.95"]
[White "Mazek, Marek"]
[Black "McCarthy, Damian"]
[Result "1-0"]
[WhiteElo "2147"]
[BlackElo "1851"]
[PlyCount "105"]
[EventDate "2016.03.19"]
[WhiteTeam "Manchester Manticores 1"]
[BlackTeam "Bradford DCA Knights C"]

1. d4 Nf6 2. Nf3 e6 3. c4 Bb4+ 4. Nbd2 b6 5. e3 Bb7 6. Be2 O-O 7. a3 Bxd2+ 8.
Qxd2 d6 9. O-O Nbd7 10. b4 Ne4 11. Qc2 f5 12. Bb2 Qe7 13. d5 e5 14. Nd2 Nxd2
15. Qxd2 f4 16. Bg4 Bc8 17. Be6+ Kh8 18. exf4 Rxf4 19. Rad1 Ba6 20. b5 Bb7 21.
g3 Rf6 22. Bh3 Raf8 23. f4 Qd8 24. Bxd7 Qxd7 25. fxe5 Rxf1+ 26. Rxf1 Rxf1+ 27.
Kxf1 Qf5+ 28. Qf2 Bc8 29. e6 Qxf2+ 30. Kxf2 Kg8 31. Kf3 Kf8 32. Kf4 a6 33. a4
axb5 34. axb5 Bb7 35. Kg5 Bc8 36. h4 Bb7 37. h5 Bc8 38. h6 gxh6+ 39. Kxh6 c6
40. bxc6 Ke7 41. Kg7 h5 42. Bf6+ Ke8 43. Bd4 h4 44. gxh4 Ba6 45. c7 Bc8 46. Kf6
b5 47. c5 dxc5 48. Bxc5 b4 49. d6 b3 50. Bd4 b2 51. Bxb2 Kf8 52. d7 Ba6 53.
d8=Q# 1-0

[Event "4NCL 3 North pool B"]
[Site "Wakefield, ENG"]
[Date "2016.03.19"]
[Round "7.96"]
[White "Dean, Robert A"]
[Black "Jaunooby, Ali R"]
[Result "0-1"]
[WhiteElo "1781"]
[BlackElo "2170"]
[PlyCount "124"]
[EventDate "2016.03.19"]
[WhiteTeam "Bradford DCA Knights C"]
[BlackTeam "Manchester Manticores 1"]

1. e4 d5 2. exd5 Nf6 3. d4 Nxd5 4. Be2 Bf5 5. Nf3 e6 6. O-O c5 7. c3 Nc6 8. Qb3
Qc7 9. Na3 Be7 10. Re1 O-O 11. Nc4 cxd4 12. cxd4 Ncb4 13. Ne3 Bc2 14. Qc4 Qb8
15. Nxd5 exd5 16. Qc3 Be4 17. Bd1 Nd3 18. Rf1 Rc8 19. Qd2 Bd6 20. g3 Rc6 21.
Qe3 f5 22. Bb3 Qc7 23. Ng5 Kh8 24. Nxe4 dxe4 25. Bd2 Nxb2 26. d5 Nc4 27. Qe2
Nxd2 28. dxc6 Nf3+ 29. Kh1 bxc6 30. Rfd1 h5 31. Rac1 Rf8 32. Qc4 Ne5 33. Qe2 g6
34. Qd2 Rf6 35. Qh6+ Qh7 36. Qg5 Qg7 37. Qe3 h4 38. Rc2 g5 39. Rcd2 Ng4 40. Qc3
Be5 41. Rd8+ Rf8 42. Qc5 Rxd8 43. Rxd8+ Kh7 44. Be6 Qf6 45. Rd7+ Kh6 46. Qe7
Qxe7 47. Rxe7 Kg6 48. Rxa7 Nxf2+ 49. Kg2 h3+ 50. Kf1 Ng4 51. Ra3 Bd4 52. Ra5
Nxh2+ 53. Ke2 c5 54. Ra8 Ng4 55. Rg8+ Kf6 56. Bc4 h2 57. Rh8 Be5 58. a4 Bxg3
59. a5 Bh4 60. a6 h1=Q 61. Rf8+ Ke5 62. a7 Qe1# 0-1

[Event "4NCL 3 North pool B"]
[Site "Wakefield, ENG"]
[Date "2016.03.19"]
[Round "7.97"]
[White "Duke, Michael"]
[Black "Braham, Peter"]
[Result "1-0"]
[WhiteElo "2140"]
[BlackElo "1672"]
[PlyCount "85"]
[EventDate "2016.03.19"]
[WhiteTeam "Manchester Manticores 1"]
[BlackTeam "Bradford DCA Knights C"]

1. d4 f5 2. g4 fxg4 3. e4 d6 4. Bc4 Nf6 5. Nc3 Nxe4 6. Nxe4 d5 7. Qe2 dxc4 8.
Qxc4 c6 9. Ne2 Qd5 10. Qd3 Bf5 11. N2g3 g6 12. c4 Bxe4 13. Nxe4 Qf5 14. Qe2 e6
15. Bd2 Be7 16. Ng3 Qf7 17. Qxg4 Nd7 18. O-O-O Nf6 19. Qe2 O-O-O 20. Ba5 b6 21.
Bc3 Rhe8 22. Rhe1 Nd7 23. Kb1 Bf8 24. Ka1 Bg7 25. Ne4 Qf4 26. c5 Bf8 27. Bd2
Qc7 28. Bg5 bxc5 29. dxc5 Bxc5 30. Bxd8 Rxd8 31. Qa6+ Kb8 32. Nxc5 Nxc5 33.
Rxd8+ Qxd8 34. Qxc6 Nb3+ 35. Kb1 Qd3+ 36. Qc2 Qxc2+ 37. Kxc2 Nd4+ 38. Kd3 Nf3
39. Re3 Nxh2 40. Rg3 Kc7 41. f3 g5 42. Rh3 Nf1 43. Ke2 1-0

[Event "4NCL 3 North pool B"]
[Site "Wakefield, ENG"]
[Date "2016.03.19"]
[Round "7.98"]
[White "Khan, Karim"]
[Black "Trueman, Glenn"]
[Result "0-1"]
[WhiteElo "1682"]
[BlackElo "2025"]
[PlyCount "56"]
[EventDate "2016.03.19"]
[WhiteTeam "Bradford DCA Knights C"]
[BlackTeam "Manchester Manticores 1"]

1. e4 c5 2. Nf3 Nf6 3. Nc3 Nc6 4. d4 d5 5. dxc5 d4 6. Nb5 e5 7. Bd3 Bxc5 8. c3
a6 9. cxd4 Bb4+ 10. Bd2 Bxd2+ 11. Qxd2 axb5 12. d5 Nb8 13. Nxe5 O-O 14. O-O
Nbd7 15. Nf3 Nc5 16. Rfe1 Nxd3 17. Qxd3 Re8 18. a3 b4 19. a4 h6 20. Nd2 Ng4 21.
h3 Ne5 22. Qg3 Ra6 23. f4 Rg6 24. Qb3 Qb6+ 25. Kf1 Qa6+ 26. Re2 Rxg2 27. Rae1
Rxe2 28. Rxe2 Nd3 0-1

[Event "4NCL 3 North pool B"]
[Site "Wakefield, ENG"]
[Date "2016.03.19"]
[Round "7.99"]
[White "Reed, John"]
[Black "Hubbort, Daniel"]
[Result "1/2-1/2"]
[WhiteElo "2035"]
[BlackElo "1742"]
[PlyCount "66"]
[EventDate "2016.03.19"]
[WhiteTeam "Manchester Manticores 1"]
[BlackTeam "Bradford DCA Knights C"]

1. d4 Nf6 2. c4 g6 3. Nc3 Bg7 4. e4 d6 5. f4 O-O 6. Nf3 Bg4 7. Be2 Bxf3 8. Bxf3
e5 9. dxe5 dxe5 10. Qxd8 Rxd8 11. fxe5 Nfd7 12. Bg5 Re8 13. O-O-O Nxe5 14. Nd5
Na6 15. b3 c6 16. Nf6+ Bxf6 17. Bxf6 Nb4 18. Bxe5 Rxe5 19. a3 Na6 20. b4 Rae8
21. Rd7 R5e7 22. Rhd1 Nc7 23. Kc2 f6 24. Kc3 Ne6 25. c5 Ng5 26. Rxe7 Rxe7 27.
Rd8+ Kf7 28. Ra8 a6 29. Rb8 Nxf3 30. gxf3 Ke6 31. Kd4 f5 32. Rd8 fxe4 33. Rd6+
Kf5 1/2-1/2

[Event "4NCL 3 North pool B"]
[Site "Wakefield, ENG"]
[Date "2016.03.19"]
[Round "7.100"]
[White "Procter, Colin S"]
[Black "Newton, Robert A"]
[Result "0-1"]
[WhiteElo "1563"]
[BlackElo "2035"]
[PlyCount "106"]
[EventDate "2016.03.19"]
[WhiteTeam "Bradford DCA Knights C"]
[BlackTeam "Manchester Manticores 1"]

1. c4 c5 2. g3 Nc6 3. Bg2 g6 4. Nc3 Bg7 5. Nf3 d6 6. O-O e5 7. e4 Be6 8. d3 h6
9. Be3 Qd7 10. a3 Nge7 11. Nd5 Nd4 12. b4 Rc8 13. b5 Nxd5 14. exd5 Bg4 15. Bxd4
cxd4 16. Qe1 O-O 17. Nd2 Rce8 18. f3 Bh3 19. g4 Bxg2 20. Kxg2 f5 21. Qg3 Qd8
22. gxf5 gxf5 23. Kh1 Qg5 24. Rg1 Qxg3 25. Rxg3 Re7 26. Rag1 Kh7 27. Rg6 Rf6
28. R6g2 Rf8 29. Rg6 Bf6 30. h3 Bg5 31. Rxd6 Bxd2 32. Rg2 Bf4 33. Rdg6 Rd7 34.
c5 Rxd5 35. Rg7+ Kh8 36. Rxb7 Rxc5 37. Rgg7 Rc1+ 38. Kg2 Rg8 39. Rxg8+ Kxg8 40.
Rxa7 Rc2+ 41. Kf1 Rb2 42. a4 e4 43. fxe4 fxe4 44. dxe4 d3 45. Rd7 d2 46. Ke2
Rb1 47. a5 Re1+ 48. Kf3 d1=Q+ 49. Rxd1 Rxd1 50. Kxf4 Rb1 51. b6 Rb5 52. e5 Rxa5
53. Kf5 Rb5 0-1